00416nam a2200145Ia 4500008004100000040001200041082001400053100003100067245002800098260003600126300001600162942000700178999001500185952007000200200103s9999||||xx |||||||||||||| ||und|| aIMU-MPC aColumn-49 aGupta, S. L. and Kumar, V. 0aHandbook of Electronics bPragati Prakashan, Meerutc1985 axviii, 1628 cBK c9721d9721 00104070910739cColumn-49d2020-01-08pMPC2548r2025-03-17yBK